000 03477nkm0a2200625 4500
001 RU\NLR\BIBL_A\022648341
005 20251127233317.0
035 _a(NLR Aleph) 022648341
071 5 0 _a9
_d15 коп.
_975000
090 _a88932
_c88932
100 _a20251020d1936 u y0rusy50 ca
101 0 _arus
_ageo
102 _aRU
116 _adiycxx zz ae
135 _acrcn 024anaba
181 0 _ab4
_bxb2e
182 0 _an
200 1 _aНароды Кавказа в национальных костюмах
_iДагестанцы - кубачинка
_e1910 г.
_eпочтовая карточка
_fхуд. М. Тильке
_gред. И. Каухчишвили
203 _aИзображение
_bнеподвижное
_bдвухмерное
_bвизуальное
_cнепосредственное
210 _a[Тбилиси]
_cГосударственный музей Грузии
_d1936
_eМосква
_gГознак
215 _a1 л.
_cцв. автотип.
_d14,8х10,5
300 _aПарал. загл. и художник на груз. яз.
300 _aСлева внизу факс. подписи художника: Max Tilke
300 _aНа адрес. стороне изд. марка
300 _aЦенз. разрешение: Главлит ССР Грузии № 10331
301 _aИзд. номер: 9
316 _aЭкз. РНБ на шифре Э ОЭтн63/Д140, Эот16022: на адрес. стороне штамп: Союзпечать
_5NLR: Э ОЭтн63/Д140
325 _aКопия доступна в Электрон. б-ке РНБ
606 1 _aПочтовые открытки маркированные художественные
_yСССР
_z1917 - 1945
_2nlr_sh2
_3RU\NLR\AUTH\661534720
606 1 _aКостюм народов Дагестана
_jОткрытки
_2nlr_sh2
_3RU\NLR\AUTH\6601712111
610 1 _aКубачинцы
610 1 _aРепродукционные открытки
610 1 _aЭтнографические открытки
617 _aРоссия
_bДагестанская область
686 0 _aЩ153(2)7-489
700 1 _aТильке
_bМ. К.
_f1869-1942
_gМакс Карл
_4040
702 1 _aКаухчишвили
_bИ.
_4340
712 0 2 _aГосударственный музей Грузии
_cТбилиси
_3RU\NLR\AUTH\880633494
_4650
712 0 1 _aРСФСР
_bГлавное управление фабриками изготовления государственных знаков
_bМосковская типография
_3RU\NLR\AUTH\8810047093
_4610
852 0 0 _aNLR
_bЭ
_jОЭтн63/Д140
_mинв.218228
852 0 0 _aNLR
_bЭ
_jОЭтн63/Д140
_mЭот2194
852 0 0 _aNLR
_bЭ
_jОЭтн63/Д140
_mЭот16022
856 0 _uhttps://vivaldi.nlr.ru/lo000072280/view
856 1 _uhttps://vivaldi.nlr.ru/lo000072280/cover
856 2 _uhttps://vivaldi.nlr.ru/lo000072280/text
901 _eИзографические материалы
942 _cVISUAL
945 _aРоссийская национальная библиотека
980 _aBV
980 _aNB
981 1 7 _a(17) Изографические материалы
_b(17) Открытки